Countries Closest to Gabon - Statistics

General Stats
  • This quiz has been taken 1,616 times
  • The average score is 18 of 20
Answer Stats
km country miles % Correct
158 Dem Rep Congo 98
98%
0 Congo 0
97%
1184 Niger 735
96%
0 Cameroon 0
95%
418 Nigeria 260
95%
637 Chad 396
94%
118 Angola 73
93%
232 Central African Republic 144
93%
0 Equatorial Guinea 0
93%
1044 Togo 649
93%
969 Benin 602
92%
1091 Ghana 678
91%
1463 Namibia 909
87%
1442 Côte d'Ivoire 896
86%
237 São Tomé and Príncipe 147
85%
1314 South Sudan 816
81%
1429 Burkina Faso 888
79%
1396 Sudan 867
79%
1435 Zambia 892
77%
1604 Rwanda 997
69%
No matching quizzes found
Score Distribution
Percent of People with Each Score
Percentile by Number Answered
Your Score History
You have not taken this quiz